000 00359nam a2200145Ia 4500
008 230917s9999||||xx |||||||||||||| ||und||
040 _e240575
_aMAIN
041 _aEnglish
082 _a553.79 S36G
100 _aSeema Singh
245 0 _aGroundwater depletion and its management in Southern Haryana
260 _c2016
300 _a219 p.
942 _cTH
999 _c127112
_d127112